[Event "AUTO-ADV-4910"]
[Site "http://www.queenalice.com/game.php?id=1867366"]
[Date "2025.12.27"]
[Round "1"]
[White "carlitomontana93270"]
[Black "MHRangel"]
[Result "0-1"]
[WhiteElo "1879"]
[BlackElo "1786"]

1. c4 b6 2. d4 Bb7 3. d5 c6 4. e4 cxd5 5. cxd5 d6 6. g3 Nd7 7. Bg2 g6 8. Nf3 Bg7
9. O-O a6 10. Nc3 Ne5 11. Be3 Nf6 12. Qb3 Rc8 13. Bxb6 Qd7 14. Nxe5 dxe5 15.
Rac1 O-O 16. Rfd1 Ne8 17. Na4 Nd6 18. Rc2 Rxc2 19. Qxc2 Nb5 20. Nc3 Rc8 21. Ba5
Nd4 22. Qd2 e6 23. dxe6 Qxe6 24. Ne2 Rc2 25. Qb4 Bc6 26. Nxd4 exd4 27. Qb8+ Be8
28. a3 Rc8 29. Qf4 Bb5 30. Qh4 Rc2 31. Qd8+ Be8 32. b4 Rc8 33. Qd5 Rc3 34. Rxd4
Bxd4 35. Qxd4 Rxa3 36. h3 Rb3 37. e5 Rb1+ 38. Kh2 Qb3 39. Qd8 Qe6 40. Qd3 Rb3
41. Qe4 Bb5 42. Qc2 Bd3 43. Qc5 Bb5 44. Bd5 Rc3 45. Bxe6 Rxc5 46. bxc5 fxe6 47.
f4 h5 48. Kg2 Bc6+ 49. Kf2 Kg7 50. Ke3 Kh6 51. h4 Kg7 52. Kd4 Kf7 53. Bb6 Ke7
54. Kc4 Kd7 55. Kb4 Bb5 56. Ka5 Kc6 57. Bd8 Kxc5 58. Be7+ Kd5 59. Kb6 Kc4 60.
Kc7 Kd4 61. Kd6 Bc4 62. Kd7 a5 63. Ke8 Bd3 64. Kf7 Bf5 65. Ba3 Ke3 66. Bc5+ Kf3
67. Kg7 Kxg3 68. Be7 Kxf4 69. Bd6 g5 0-1

[Event "AUTO-ADV-4910"]
[Site "http://www.queenalice.com/game.php?id=1867367"]
[Date "2025.12.27"]
[Round "1"]
[White "MHRangel"]
[Black "carlitomontana93270"]
[Result "0-1"]
[WhiteElo "1706"]
[BlackElo "1972"]

1. d4 e6 2. c4 g6 3. Nf3 Bg7 4. e4 d6 5. Bg5 Nf6 6. e5 dxe5 7. dxe5 Qxd1+ 8.
Kxd1 Ne4 9. Nbd2 Nxg5 10. Nxg5 O-O 11. Ngf3 Nc6 12. a3 Nxe5 13. Nd4 a6 14. f3
Rd8 15. N4b3 b6 16. Kc2 Bb7 17. h4 h5 18. Ne4 Bxe4+ 19. fxe4 Rd7 20. Be2 Rad8
21. Bf3 Nxf3 22. gxf3 a5 23. f4 Bf8 24. Rhg1 a4 25. Nc1 Bc5 26. Rg2 Rd4 27. Kc3
Rxe4 28. f5 exf5 29. Rh2 f4 30. Nd3 Re3 31. Rf1 Rdxd3+ 32. Kc2 Bd6 33. Rd2 Rxd2+
34. Kxd2 Rh3 35. Kc2 f6 36. Re1 Kg7 37. Re7+ Bxe7 38. Kb1 f3 0-1

[Event "AUTO-ADV-4911"]
[Site "http://www.queenalice.com/game.php?id=1867615"]
[Date "2026.1.7"]
[Round "1"]
[White "mvson33"]
[Black "carlitomontana93270"]
[Result "1-0"]
[WhiteElo "1891"]
[BlackElo "1977"]

1. e4 c5 2. Nf3 d6 3. d4 cxd4 4. Nxd4 Nc6 5. Nf3 e5 6. Nc3 g6 7. Bb5 Bg7 8. O-O
Nf6 9. Bg5 O-O 10. Re1 a6 11. Be2 Qc7 12. Be3 Bd7 13. a3 Na5 14. Bd2 Rad8 15.
Nd5 Nxd5 16. exd5 b5 17. Qc1 Qc5 18. b4 Qb6 19. bxa5 Qc5 20. Ra2 Qxd5 21. Ra1 e4
22. Rb1 exf3 23. Bxf3 Qc4 24. Rb4 Qc7 25. c4 bxc4 26. Qxc4 Qxa5 27. Rb7 Qxa3 28.
Rbb1 Bb5 29. Qb3 Qxb3 30. Rxb3 d5 31. Bb4 Rfe8 32. Rxe8+ Rxe8 33. Bxd5 a5 34.
Bxa5 Ba4 35. Ra3 Bd7 36. g3 Re5 37. Rd3 Bf5 38. Rd2 Bh6 39. Rd1 Bc2 40. Bc3 Rf5
41. Rd4 Bg7 42. Rd2 Rxd5 43. Rxd5 Bxc3 44. Rc5 Bf5 45. Rxc3 Kg7 46. Rc7 Be6 47.
f4 Kh6 48. Kf2 Kh5 49. Rc5+ Kg4 50. Kg2 Ba2 51. Rg5# 1-0